000 01117cam a2200265Ia 4500
008
020 _a9251037108 (pbk.)
049 _aMAIN
090 _aTD388.A1
111 2 _aExpert Consultation on Water Policy Review and Reform
_d(1995 :
_cRome, Italy)
245 1 0 _aMethodology for water policy review and reform :
_bproceedings of the Expert Consultation on Water Policy Review and Reform, Rome, Italy, 25-27 January 1995.
260 _aRome :
_bFood and Agriculture Organization of the United Nations,
_c1995.
300 _axvi, 155 p. :
_bill. ;
_c30 cm.
440 0 _aWater reports,
_x1020-1203 ;
_v6
504 _aIncludes bibliographical references.
650 0 _aWater conservation
_xGovernment policy
_vCongresses.
650 0 _aWater resources development
_xGovernment policy
_vCongresses.
650 0 _aWater-supply
_xGovernment policy
_vCongresses.
710 2 _aFood and Agriculture Organization of the United Nations.
907 _a.b10016995
_b13-09-05
_c17-04-03
003
005 20230123134056.0
040 _cNUST
942 _cBOOKS
_kTD388.A1
999 _c159594
_d159594